Practical ophthalmology : (رقم التسجيلة. 42552)

تفاصيل مارك
000 -الفاتح
حقل البيانات ثابتة الطول 01672cam a22003494a 4500
003 - محدد رقم الضبط
رقم الضبط OSt
005 - وقت وتاريخ اخر تعامل مع التسجيلة
رقم الضبط 20180815142134.0
008 - عناصر البيانات ثابتة الطول - معلومات عامة
حقل البيانات ثابتة الطول 090522s2015 caua bf 001 0 eng
020 ## - الرقم الدولى المعيارى للكتب
الرقم الدولى المعيارى للكتاب 9781615256143
040 ## - مصدر الفهرسة
وكالة الفهرسة الأصلية DNLM/DLC
وكالة النسخ DLC
لغة الفهرسة eng
042 ## - رمز التحقق
رمز التحقق pcc
050 00 - رقم طلب مكتبة الكونجرس
رقم التصنيف RE75
رقم المادة .M36 2009
060 10 - رقم الطلب بالمكتبة الطبية الوطنية
رقم التصنيف WW 140
رقم المادة P895 2009
082 00 - رقم تصنيف ديوى العشرى
رقم التصنيف 617.715
رقم الطبعة 22
رقم المادة PRO
245 00 - بيان العنوان
العنوان Practical ophthalmology :
بقية العنوان a manual for beginning residents /
بيان المسئوليه,etc executive editors, Fred M. Wilson II, Preston H. Blomquist ; contributing authors, Preston H. Blomquist ... [et al.].
250 ## - بيان الطبعة
بيان الطبعة 7th ed.
260 ## - PUBLICATION, DISTRIBUTION, ETC. (IMPRINT)
مكان الناشر او الموزع San Francisco, CA :
اسم الناشر او الموزع American Academy of Ophthalmology,
تاريخ النشر أو التوزيع 2015.
300 ## - الوصف المادى
التعداد xvi, 319 p. :
تفاصيل ماديه اخرى للوعاء ill. (some col.) ;
أبعاد الوعاء 27 cm.
504 ## - تبصرة ببليوجرافية
تبصرة ببليوجرافية,الخ Includes bibliographical references and index.
505 0# - تبصرة محتويات-الفهرس
تبصرة المحتويات المصاغة Introduction to the practice of ophthalmology -- Overview of the ophthalmic evaluation -- History taking -- Visual acuity examination -- Refraction -- Ocular motility examination -- Pupillary examination -- Visual field examination -- External examination -- Slit-lamp biomicroscopy.
650 #0 - المدخل الاضافى بالموضوع-مصطلح موضوعى
مصطلح موضوعي أو اسم جغرافي كعنصر مدخل Eye
التقسيم الفرعي العام Examination
التقسيم الفرعي الشكلي Handbooks, manuals, etc.
9 (RLIN) 64069
650 #0 - المدخل الاضافى بالموضوع-مصطلح موضوعى
مصطلح موضوعي أو اسم جغرافي كعنصر مدخل Ophthalmology
التقسيم الفرعي الشكلي Handbooks, manuals, etc.
9 (RLIN) 58378
650 12 - المدخل الاضافى بالموضوع-مصطلح موضوعى
مصطلح موضوعي أو اسم جغرافي كعنصر مدخل Eye Diseases
التقسيم الفرعي العام diagnosis.
9 (RLIN) 15930
650 22 - المدخل الاضافى بالموضوع-مصطلح موضوعى
مصطلح موضوعي أو اسم جغرافي كعنصر مدخل Diagnostic Techniques, Ophthalmological.
9 (RLIN) 38971
650 22 - المدخل الاضافى بالموضوع-مصطلح موضوعى
مصطلح موضوعي أو اسم جغرافي كعنصر مدخل Ophthalmology.
9 (RLIN) 64070
700 1# - المدخل الاضافى - اسم شخصى
الإسم الشخصى Wilson, Fred M.,
التواريخ المصاحبة للاسم 1940-
9 (RLIN) 64071
700 1# - المدخل الاضافى - اسم شخصى
الإسم الشخصى Blomquist, Preston H.
9 (RLIN) 64072
710 2# - المدخل الاضافى - اسم هيئه
اسم الهيئة أو اسم السلطة كمدخل American Academy of Ophthalmology.
9 (RLIN) 64073
942 ## - عناصر المدخل الإضافي( كوها)
Koha [default] item type كتاب
906 ## - عنصر بيانات محلى F, LDF (RLIN)
a 7
b cbc
c orignew
d 1
e ecip
f 20
g y-gencatlg
المقتنيات
حالة الفقد نموذج السعر الفعال حالة تلف ليس للاعارة رقم الطلب تاريخ الاكتساب الموقع الحالي الباركود الفرع الرئيسي Date last seen نوع المادة فى نظام كوها مصدر التصنيف او خطة الترفيف Total Checkouts Date last checked out
  2018-08-15     617.715 PRO 2018-08-15 المكتبة المركزية بالمجمعة (CL) 00656738 المكتبة المركزية بالمجمعة (CL) 2018-08-15 كتاب Dewey Decimal Classification    
  2018-08-15     617.715 PRO 2018-08-15 المكتبة المركزية بالمجمعة (CL) 00656739 المكتبة المركزية بالمجمعة (CL) 2020-10-18 كتاب Dewey Decimal Classification 1 2019-12-31
  2018-08-15     617.715 PRO 2018-08-15 المكتبة المركزية بالمجمعة (CL) 00656740 المكتبة المركزية بالمجمعة (CL) 2018-08-15 كتاب Dewey Decimal Classification